Slovenské firmy absolventov MBA neprivilegujú

Základnou ideou štúdia MBA je rozšíriť praktické poznatky o teoretický rozhľad. Absolventi MBA (Master of Business Administration) na Slovensku. Význam MBA narastá. Uplatňovanie absolventov MBA v niektorých vybraných firmách. Najlepšie školy MBA v Európe

Guardado en:
Detalles Bibliográficos
Autor principal: Gossányi, Vojtech
Formato: Capítulo de libro
Lenguaje:eslovaco
Materias:
Etiquetas: Agregar Etiqueta
Sin Etiquetas, Sea el primero en etiquetar este registro!

MARC

LEADER 00000naa$a2200000$$$4500
001 0031681
005 20231004130234.1
041 0 |a slo 
044 |a SK 
245 1 0 |a Slovenské firmy absolventov MBA neprivilegujú  |c Vojtech Gossányi 
520 |a Základnou ideou štúdia MBA je rozšíriť praktické poznatky o teoretický rozhľad. Absolventi MBA (Master of Business Administration) na Slovensku. Význam MBA narastá. Uplatňovanie absolventov MBA v niektorých vybraných firmách. Najlepšie školy MBA v Európe 
610 2 0 |a absolventi 
610 2 0 |a štúdium v zahraničí 
610 2 0 |a vzdelanie vysokoškolské 
610 2 0 |a MBA 
610 2 0 |a Európa 
100 1 |a Gossányi, Vojtech